000 00422nam a22001697a 4500
003 MPLRDC
005 20220104114550.0
008 210129b ||||| |||| 00| 0 eng d
082 _a830.8 ZMJ v.3 c.2
100 _a张梦机主编
245 _a烟波千里
_c
260 _a
_b联亚出版社
_c1982
300 _b
490 _a中国文学精华. 3
650 _a中国文学总集
942 _cBK
_o830.8 ZMJ v.3 c.2
999 _c8477
_d8467